Normal view
MARC view
Entry Topical Term
001 - CONTROL NUMBER
- control field: 29253
003 - CONTROL NUMBER IDENTIFIER
- control field: ARRUPE
005 - DATE AND TIME OF LATEST TRANSACTION
- control field: 20170303112953.0
008 - FIXED-LENGTH DATA ELEMENTS
- fixed length control field: 170303|| aca||aabn | a|a d
040 ## - CATALOGING SOURCE
- Original cataloging agency: ARRUPE
- Transcribing agency: ARRUPE
150 ## - HEADING--TOPICAL TERM
- Topical term or geographic name as entry element: Catholic Church
- General subdivision: Clergy
- General subdivision: Biography
- Geographic subdivision: United States
670 ## - SOURCE DATA FOUND
- Source citation: Work cat.: (ARRUPE)93861: Jaki, Stanley L 29252, A mind's matter